Catálogo del Gabinete de Estampas del Museo Municipal de Madrid. (Record no. 13452)

MARC details
000 -LEADER
campo de control de longitud fija 01181nam a2200289 i 4500
001 - NÚMERO DE CONTROL
campo de control 13452
003 - IDENTIFICADOR DE NÚMERO DE CONTROL
campo de control ES-MaACL
005 - FECHA Y HORA DE LA ÚLTIMA TRANSACCIÓN
campo de control 20250821102259.0
007 - CAMPO FIJO DE DESCRIPCIÓN FÍSICA--INFORMACIÓN GENERAL
campo de control de longitud fija t|
008 - DATOS DE LONGITUD FIJA--INFORMACIÓN GENERAL
campo de control de longitud fija 980407s1985 sp a c |||| | spa d
020 ## - NÚMERO INTERNACIONAL ESTÁNDAR DEL LIBRO
Número Internacional Estándar del Libro 84-398-4272-4
080 ## - NÚMERO DE LA CLASIFICACIÓN DECIMAL UNIVERSAL
Número de la Clasificación Decimal Universal 76:069.538(460.27 M.)
080 ## - NÚMERO DE LA CLASIFICACIÓN DECIMAL UNIVERSAL
Número de la Clasificación Decimal Universal 069.538(460.27 M.):76
110 2# - ENTRADA PRINCIPAL--NOMBRE DE ENTIDAD CORPORATIVA
Nombre de entidad corporativa o nombre de jurisdicción como elemento de entrada Museo Municipal de Madrid
9 (RLIN) 5892
245 10 - MENCIÓN DEL TÍTULO
Título Catálogo del Gabinete de Estampas del Museo Municipal de Madrid.
Número de parte o sección de la obra I,
Nombre de parte o sección de la obra Estampas españolas : grabado, 1550-1820 /
Mención de responsabilidad, etc. Juan Carrete, Estrella de Diego, Jesusa Vega ; con un texto de Enrique Tierno Galván sobre "Libros ilustrados españoles".
260 ## - PUBLICACIÓN, DISTRIBUCIÓN, ETC.
Lugar de publicación, distribución, etc. Madrid :
Nombre del editor, distribuidor, etc. Ayuntamiento de Madrid, Concejalía de Cultura,
Fecha de publicación, distribución, etc. 1985.
300 ## - DESCRIPCIÓN FÍSICA
Extensión 2 v. :
Otras características físicas il. ;
Dimensiones 22 x 29 cm.
650 #4 - PUNTO DE ACCESO ADICIONAL DE MATERIA--TÉRMINO DE MATERIA
Término de materia o nombre geográfico como elemento de entrada Grabado-
Subdivisión geográfica Museo Municipal de Madrid-
Subdivisión de forma Catálogos.
9 (RLIN) 13146
700 1# - ENTRADA AGREGADA--NOMBRE PERSONAL
Nombre de persona Carrete, Juan.
9 (RLIN) 35708
700 1# - ENTRADA AGREGADA--NOMBRE PERSONAL
Nombre de persona Diego Otero, Estrella de,
Fechas asociadas al nombre 1958-
9 (RLIN) 44542
700 1# - ENTRADA AGREGADA--NOMBRE PERSONAL
Nombre de persona Vega, Jesusa,
Fechas asociadas al nombre 1957-
9 (RLIN) 113553
700 1# - ENTRADA AGREGADA--NOMBRE PERSONAL
Nombre de persona Tierno Galván, Enrique,
Fechas asociadas al nombre 1918-1986
9 (RLIN) 110235
710 1# - ENTRADA AGREGADA--NOMBRE DE ENTIDAD CORPORATIVA
Nombre de entidad corporativa o nombre de jurisdicción como elemento de entrada Madrid.
Unidad subordinada Concejalía de Cultura.
9 (RLIN) 5574
740 02 - ENTRADA AGREGADA--TÍTULO RELACIONADO/ANALÍTICO NO CONTROLADO
Título relacionado o analítico no controlado Libros ilustrados españoles.
852 4# - LOCALIZACIÓN
Ubicación ES-MaACL
Número de control de estantería L-20874-75
Holdings
Estatus retirado Estado de pérdida Estado de daño No para préstamo Biblioteca de origen Biblioteca actual Ubicación en estantería Fecha de adquisición Fuente de adquisición Total de préstamos Signatura topográfica completa Código de barras Visto por última vez Precio de reemplazo Tipo de ítem Koha
        Biblioteca del Ateneo de Madrid Biblioteca del Ateneo de Madrid Depósito 2 17/01/2008     L-20874-75 1013695 23/02/2023 23/02/2023 Libro impreso